01517nam a2200169Ia 4500003000900000005001700009008004100026040003100067040001300098100002300111245002700134250000700161260001900168300001800187490000600205520113600211IT-RoPau20220918175329.0120407s9999 xx 000 0 und d aIT-RoPAUc20130205101232.0 cIT-RoPAU aChiesa, Francesco  aLa chiave della Bibbia aII aRomabEPc1961 c327 p.b18 cm vI aIndice Presentazione I. - Natura e rivelazione II. - Rivelazione e scrittura III. - Sacra Scrittura e storia dei popoli IV. - Che cos'é la Bibbia? V. - Evoluzione della parola divina VI. - Divinità della Bibbia VII. - Il Canone dei libri sacri VIII. - Ispirazione della Bibbia IX. - Bibbia e scienza X. - Bibbia e storia XI. - Testi originali della Bibbia XII. - Lavori intorno alla Bibbia XIII. - Effetti della Bibbia nella storia universale XIV. - Autorità umana nella Bibbia XV. - Bibbia e arte XVI. - Piano di Dio nella Sacra Scrittura XVII. - Carattere della Bibbia nell'Antico Testamento XVIII. - Libri storici dell'Antico Testamento XIX. - Libri profetici dell'Antico Testamento XX. - Libri sapienzali dell'Antico Testamento XXI. - Il Nuovo Testamento XXII. - I Libri storici del Nuovo Testamento XXIII. - Lettere degli Apostoli XXIV. - L'apocalisse XXV. - Lettura della Bibbia XXVI. - Bibbia e Liturgia XXVII. - Effetti della lettura della Bibbia XXVIII. - Maniera di leggere la Bibbia XXIX. - Il testo di lettura XXX. - Sensi della Sacra Scrittura XXXI. - Interpretazione della Bibbia XXXII. - Chiesa e Bibbia